[Event "Madrid-chT 1011"]
[Site "Madrid"]
[Date "2011.02.06"]
[Round "9.46"]
[White "Nunez Gutierrez, Juan Carlos"]
[Black "Munoz Sanchez, Daniel"]
[Result "0-1"]
[WhiteElo "2093"]
[BlackElo "1976"]
[PlyCount "84"]
[EventDate "2010.11.21"]
[EventType "team-tourn"]
[EventRounds "14"]
[EventCountry "ESP"]
[SourceTitle "EXT 2012"]
[Source "ChessBase"]
[SourceDate "2011.11.24"]
[SourceVersion "1"]
[SourceVersionDate "2011.11.24"]
[SourceQuality "1"]
[WhiteTeam "Leganes"]
[BlackTeam "Vallecas CDV"]
[WhiteTeamCountry "ESP"]
[BlackTeamCountry "ESP"]

1. e4 e6 2. d3 d5 3. Nd2 c5 4. Ngf3 Nc6 5. g3 Bd6 6. Bg2 Nge7 7. 0-0 0-0 8. Nh4 d4 9. f4 e5 10. f5 f6 11. Nc4 b5 12. Nxd6 Qxd6 13. g4 c4 14. g5 fxg5 15. Bxg5 h6 16. Bd2 Rf6 17. Rf3 a5 18. Rg3 Rf7 19. Qh5 Rf6 20. Rf1 c3 21. bxc3 dxc3 22. Be3 Bd7 23. Bh3 Kh7 24. Kh1 Rg8 25. Bg5 Be8 26. Ng6 Nxg6 27. fxg6+ Bxg6 28. Rxf6 Qxf6 29. Qxh6+ gxh6 30. Bxf6 Rf8 31. Bh4 Rf4 32. Rg4 Rxg4 33. Bxg4 Kg7 34. Be2 b4 35. Kg2 Nd4 36. Bd1 Nb5 37. Bf2 Nd4 38. Be3 Bf7 39. Kg3 Bxa2 40. Bxd4 exd4 41. Kf4 a4 42. Ke5 b3 0-1

[Event "Madrid-chT 1011"]
[Site "Madrid"]
[Date "2011.01.30"]
[Round "8.46"]
[White "Lorite Cruz, Francisco"]
[Black "Nunez Gutierrez, Juan Carlos"]
[Result "1-0"]
[WhiteElo "2095"]
[BlackElo "2093"]
[PlyCount "143"]
[EventDate "2010.11.21"]
[EventType "team-tourn"]
[EventRounds "14"]
[EventCountry "ESP"]
[SourceTitle "EXT 2012"]
[Source "ChessBase"]
[SourceDate "2011.11.24"]
[SourceVersion "1"]
[SourceVersionDate "2011.11.24"]
[SourceQuality "1"]
[WhiteTeam "Collado Villalba"]
[BlackTeam "Leganes"]
[WhiteTeamCountry "ESP"]
[BlackTeamCountry "ESP"]

1. e4 e5 2. Nf3 Nf6 3. Nxe5 d6 4. Nf3 Nxe4 5. Nc3 Nf6 6. d4 d5 7. Bd3 Bg4 8. h3 Bh5 9. g4 Bg6 10. Ne5 Be7 11. Be3 c6 12. f4 Bxd3 13. Qxd3 Nfd7 14. Nf3 Na6 15. 0-0 0-0 16. Rae1 Bd6 17. g5 Nb4 18. Qd2 Nb6 19. Qg2 f5 20. a3 Na6 21. Ne5 Bxe5 22. fxe5 Nc7 23. Ne2 g6 24. Nf4 Qd7 25. h4 Ne6 26. b3 a5 27. a4 Ra6 28. Rf3 Na8 29. h5 Nxf4 30. Bxf4 Nc7 31. hxg6 hxg6 32. e6 Nxe6 33. Rxe6 Qxe6 34. Re3 Qd7 35. Qe2 Kf7 36. Qh2 Rg8 37. Be5 Qe7 38. Qf4 Raa8 39. Bf6 Qd7 40. Qh4 Rg7 41. Bxg7 Kxg7 42. Qh6+ Kg8 43. Qxg6+ Qg7 44. Qe6+ Qf7 45. Qe5 Rf8 46. Rh3 Qg7 47. Qe6+ Qf7 48. Rh6 Qxe6 49. Rxe6 f4 50. Kf2 Rf5 51. Re5 Rf7 52. Kf3 Kg7 53. Re6 Rf5 54. Re7+ Kg6 55. Rxb7 Kxg5 56. Rg7+ Kf6 57. Rg4 Ke6 58. Rg6+ Kd7 59. Rg7+ Kc8 60. Ra7 Rh5 61. Rxa5 Kb7 62. Rc5 Rh4 63. b4 Rh3+ 64. Kxf4 Ra3 65. a5 Ra4 66. c3 Ra1 67. Ke5 Rh1 68. b5 Rh5+ 69. Kf4 cxb5 70. Rxb5+ Ka6 71. Rc5 Rh3 72. Ke5 1-0

[Event "Madrid Oliver Gonzalez Memorial 1st"]
[Site "Madrid"]
[Date "2010.10.14"]
[Round "6"]
[White "Nunez Gutierrez, Juan Carlos"]
[Black "Piasetski, Leon David"]
[Result "1/2-1/2"]
[WhiteElo "2079"]
[BlackElo "2303"]
[PlyCount "74"]
[EventDate "2010.10.09"]
[EventType "swiss"]
[EventRounds "9"]
[EventCountry "ESP"]
[SourceTitle "CBM 138 Extra"]
[Source "ChessBase"]
[SourceDate "2010.10.29"]
[SourceVersion "1"]
[SourceVersionDate "2010.10.29"]
[SourceQuality "1"]

1. e4 g6 2. d4 Bg7 3. c4 d6 4. f4 c5 5. d5 e6 6. Bd3 Ne7 7. Nf3 exd5 8. exd5 b5 9. 0-0 bxc4 10. Bxc4 0-0 11. Nc3 Nd7 12. Re1 Nb6 13. Qe2 Re8 14. Bd2 Nxc4 15. Qxc4 Rb8 16. b3 Bd7 17. Rad1 Qb6 18. Kh1 Qb4 19. Ne4 Qxc4 20. bxc4 Nc8 21. Ba5 Rb7 22. h3 h6 23. Kh2 f5 24. Ng3 Kf7 25. Rb1 Rxb1 26. Rxb1 Nb6 27. Nd2 Re3 28. Bxb6 axb6 29. Rxb6 Ke7 30. Rb3 Bd4 31. Nf3 Ba4 32. Rb7+ Kd8 33. Nh4 Re1 34. Nxg6 Bc2 35. Rb6 Kd7 36. Rb7+ Kc8 37. Rf7 Bg1+ 1/2-1/2